Most Democratic Countries - Statistics

General Stats
  • This quiz has been taken 22 times
  • The average score is 14 of 15
Answer Stats
Hint Answer % Correct
0.904 Australia
100%
0.946 Finland
100%
0.944 Germany
100%
0.928 New Zealand
100%
0.956 Norway
100%
0.946 Sweden
100%
0.934 Switzerland
100%
0.925 Belgium
94%
0.958 Denmark
94%
0.93 Netherlands
94%
0.899 Iceland
89%
0.905 Luxembourg
89%
0.912 Spain
89%
0.903 Estonia
78%
0.914 Costa Rica
72%
No matching quizzes found
Score Distribution
Percent of People with Each Score
Percentile by Number Answered
Your Score History
You have not taken this quiz